| 000 | 00436pab a2200169 454500 | ||
|---|---|---|---|
| 008 | 180718b2012 xxu||||| |||| 00| 0 eng d | ||
| 100 | _aAlbalate, Daniel | ||
| 245 | _aHigh - speed rail: Lessons for policy makers from experiences abroad | ||
| 260 | _c2012 | ||
| 300 | _ap.336-349. | ||
| 362 | _aMay - Jun | ||
| 650 | _aRailways | ||
| 700 | _aBel, Germa | ||
| 773 | _aPublic Administration Review | ||
| 908 | _aN | ||
| 909 | _a96032 | ||
| 999 |
_c96032 _d96032 |
||